000 00366cam a22001217a 4500
008 180718b1967 xxu||||| |||| 00| 0 eng d
082 _aI92x42 Sa35
100 _aSalmon, Cyril
245 _aTribunals of inquiry
_cby Cyril Salmon
260 _aJerusalem
_bMagnes Press, Hebrew University
_c1967
300 _a23p
650 _aGovernmental investigations --Great Britain
999 _c429854
_d429854